000 00569nam a2200205Ia 4500
005 20250923145336.0
008 008 250917s9999 xx 000 0 eng d
037 _aTextual
040 _aDSWL
_beng
_cDSWL
041 _aeng
_2eng
084 _aY12:4, N73
_qDSWL
100 _aMills, Richard
_9834260
245 0 _aYoung outsiders
_c by Richard Mills
260 _aLondon
_bRoutledge & Kegan Paul
_c1973
300 _aviii,208,14p.
365 _aINR
_b52 . 11
925 _g52 . 11
942 _cTEXL
_hY12:4, N73
999 _c1450208
_d1450208